The foundations of statistical inference /
Guardado en:
| Otros Autores: | |
|---|---|
| Formato: | Libro |
| Idioma: | English |
| Publicado: |
London :
Methuen,
1962.
|
| Series: | Methuen's monographs on applied probability and statistics
|
| Etiquetas: |
Agregar Etiqueta
Sin Etiquetas, Sea el primero en etiquetar este registro!
|
| LEADER | 00980nam a22001815a 4500 | ||
|---|---|---|---|
| 001 | MAT.inmabb001468 | ||
| 008 | 031124s1962####enk###########000#0#eng#d | ||
| 005 | 20160601175105.0 | ||
| 245 | 1 | 4 | |a The foundations of statistical inference / |c a discussion opened by L. J. Savage at a meeting of the Joint Statistics Seminar, Birkbeck and Imperial Colleges, in the University of London. |
| 260 | |a London : |b Methuen, |c 1962. | ||
| 300 | |a 112 p. ; |c 19 cm. | ||
| 440 | 0 | |a Methuen's monographs on applied probability and statistics | |
| 500 | |a "[C]onsists of an essay by Savage, 'The subjective basis of statistical practice', a set of prepared comments by M. S. Bartlett, G. A. Barnard, D. R. Cox, E. S. Pearson, and C. A. B. Smith, and a report of discussion from the floor of the meeting at which Savage's paper was presented."--Math. Rev. | ||
| 510 | 4 | |a MR, |c 26 #4427 | |
| 700 | 1 | |a Savage, Leonard J. | |
| 084 | |a 62A01 |2 msc2000 | ||
| 010 | |a 62051922 | ||
| 859 | |h 62 |i F771 |p A-1767 |b BIB. MATEMATICA | ||
